| 000 | 00851nam a2200253 i 4500 | ||
|---|---|---|---|
| 001 | 000044315 | ||
| 003 | DO-SdBNP | ||
| 005 | 20250204092151.0 | ||
| 007 | ta | ||
| 008 | 140613s2003 dr 000 0 spa d | ||
| 040 |
_aDO-SdBNP _bspa _cBNPHU _erda |
||
| 082 | 4 | _222 | |
| 245 | 0 | 0 |
_aErcilia Pepin : _buna vida al servicio de la patria / _ccompilador, Julio Jaime Julia ; editor, Tomás Castro Burdiez, José Rafael Vargas. |
| 264 |
_aSanto Domingo : _bAA, _c2003 |
||
| 300 |
_a118 páginas ; _c22 cm. |
||
| 336 |
_2rdacontent _atexto _btxt |
||
| 337 |
_2rdamedia _asin mediación _bn |
||
| 338 |
_2rdacarrier _avolumen _bnc |
||
| 590 | _aInventariado, 2024/BT | ||
| 700 | 1 |
_aJulia, Julio Jaime _d1922-1993 _ecompilador _920185 |
|
| 700 | 1 |
_aVargas, José Rafael, _eeditor _921851 |
|
| 700 | 1 |
_aCastro, Tomás, _d1959- _eeditor _924641 |
|
| 942 |
_2ddc _cLBS1 |
||
| 999 |
_c43804 _d43804 |
||